[Event "8. Torneo IRT Pueblo Nuevo"]
[Site "Madrid ESP"]
[Date "2006.01.31"]
[Round "1.1"]
[White "Alvarez Abejon, Amilcar"]
[Black "Martinez Garcia, Felipe"]
[Result "1/2-1/2"]
[WhiteElo "2125"]
[BlackElo "2048"]
[PlyCount "64"]
[EventDate "2006.01.31"]
[EventType "tourn"]
[EventRounds "9"]
[EventCountry "ESP"]
[Source "lmi"]
[SourceDate "2006.02.19"]

1. d4 Nf6 2. c4 e6 3. g3 d5 4. Bg2 Be7 5. Nf3 O-O 6. Qc2 Na6 7. Bf4 Nb4 8. Qc1
dxc4 9. Qxc4 Nfd5 10. O-O b5 11. Qc1 Nxf4 12. gxf4 Bb7 13. Nbd2 Bd6 14. Nb3 Qf6
15. e3 Nd3 16. Qd2 Nxf4 17. exf4 Bxf3 18. Bxf3 Bxf4 19. Qe2 Qh4 20. Rfd1 Rae8
21. Bg2 Bxh2+ 22. Kf1 e5 23. Qxb5 e4 24. Re1 f5 25. Nc5 Re7 26. Qb3+ Kh8 27.
Ne6 Rfe8 28. d5 c6 29. Nd4 e3 30. fxe3 Bg3 31. Re2 cxd5 32. Qxd5 g6 1/2-1/2

[Event "8. Torneo IRT Pueblo Nuevo"]
[Site "Madrid ESP"]
[Date "2006.01.31"]
[Round "1.3"]
[White "Ruiz Quevedo, Andres"]
[Black "Cardeña Contreras, Javier"]
[Result "1/2-1/2"]
[WhiteElo "1922"]
[BlackElo "1806"]
[PlyCount "102"]
[EventDate "2006.01.31"]
[EventType "tourn"]
[EventRounds "9"]
[EventCountry "ESP"]
[Source "lmi"]
[SourceDate "2006.02.19"]

1. Nf3 c5 2. g3 Nc6 3. c4 g6 4. Bg2 Bg7 5. O-O Nf6 6. Nc3 O-O 7. b3 e6 8. Bb2
d5 9. cxd5 exd5 10. d4 Ne4 11. Na4 cxd4 12. Nxd4 Ne5 13. Rc1 Ng4 14. Nf3 Ngf6
15. Qc2 Bf5 16. Qc7 b6 17. Nd4 Qd7 18. Nxf5 Qxf5 19. Qe5 Qxe5 20. Bxe5 Rac8 21.
Bh3 Rxc1 22. Rxc1 Nxf2 23. Bg2 N2e4 24. Rc7 Re8 25. Bd4 Ra8 26. Rc6 Rd8 27.
Bxe4 Nxe4 28. Bxg7 Kxg7 29. Rc7 Ra8 30. Kg2 Kf6 31. Kf3 Ke5 32. h4 Ke6 33. Nb2
h6 34. Nd3 g5 35. hxg5 hxg5 36. g4 f6 37. b4 Kd6 38. Rb7 Kc6 39. Re7 a6 40. a4
Rh8 41. Nf2 Nxf2 42. Kxf2 Rd8 43. Ra7 d4 44. Rxa6 Kb7 45. b5 Rd5 46. a5 Rxb5
47. Rxb6+ Rxb6 48. axb6 Kxb6 49. Kf3 Kc5 50. Ke4 Kc4 51. Kf3 Kc3 1/2-1/2

[Event "8. Torneo IRT Pueblo Nuevo"]
[Site "Madrid ESP"]
[Date "2006.01.31"]
[Round "1.4"]
[White "Prieto Honorato, Juan Maria"]
[Black "Moratalla Garcia, Joaquin"]
[Result "1-0"]
[WhiteElo "2116"]
[BlackElo "1842"]
[PlyCount "57"]
[EventDate "2006.01.31"]
[EventType "tourn"]
[EventRounds "9"]
[EventCountry "ESP"]
[Source "lmi"]
[SourceDate "2006.02.19"]

1. d4 d5 2. c4 c6 3. Nc3 Nf6 4. Bg5 e6 5. Nf3 dxc4 6. e4 Be7 7. Bxc4 O-O 8. O-O
Nbd7 9. Qe2 h6 10. Bf4 Nb6 11. Bb3 Nh5 12. Be3 Nf6 13. Ne5 Qc7 14. f4 Nbd7 15.
Nxf7 Kxf7 16. Bxe6+ Ke8 17. e5 Nxe5 18. Bxc8 Rxc8 19. dxe5 Nd5 20. Qh5+ Kd8 21.
Rfd1 Qa5 22. Rac1 Rc7 23. Qg4 Ke8 24. Nxd5 cxd5 25. Rxc7 Qxc7 26. Qg6+ Kd8 27.
Rxd5+ Kc8 28. Qe6+ Kb8 29. Rd7 1-0

[Event "8. Torneo IRT Pueblo Nuevo"]
[Site "Madrid ESP"]
[Date "2006.01.31"]
[Round "1.5"]
[White "Alonso Abad, Enrique"]
[Black "Navarro Nicolas, Victor Manuel"]
[Result "1/2-1/2"]
[WhiteElo "2014"]
[BlackElo "2180"]
[PlyCount "79"]
[EventDate "2006.01.31"]
[EventType "tourn"]
[EventRounds "9"]
[EventCountry "ESP"]
[Source "lmi"]
[SourceDate "2006.02.19"]

1. d4 d5 2. Nf3 Nc6 3. e3 Bg4 4. h3 Bh5 5. Be2 Nf6 6. O-O e6 7. Nbd2 Be7 8. b3
O-O 9. Bb2 a5 10. Ne5 Bxe2 11. Qxe2 Nxe5 12. dxe5 Nd7 13. e4 a4 14. exd5 a3 15.
Bd4 exd5 16. e6 Nf6 17. Rfe1 fxe6 18. Qxe6+ Rf7 19. Nf3 Ra6 20. Qe2 c5 21. Bxf6
Bxf6 22. Qb5 Ra5 23. Qe8+ Qxe8 24. Rxe8+ Rf8 25. Rae1 Rxe8 26. Rxe8+ Kf7 27.
Rb8 b5 28. Rc8 b4 29. Ne1 Ke7 30. Nd3 Bd4 31. Kf1 Kd7 32. Rb8 Ra6 33. Rb7+ Kd6
34. f3 Ra8 35. Rb6+ Kc7 36. Re6 Kd7 37. Re2 Rb8 38. Nf4 Kd6 39. Re6+ Kd7 40.
Re2 1/2-1/2

[Event "8. Torneo IRT Pueblo Nuevo"]
[Site "Madrid ESP"]
[Date "2006.02.02"]
[Round "2.1"]
[White "Martinez Garcia, Felipe"]
[Black "Navarro Nicolas, Victor Manuel"]
[Result "1/2-1/2"]
[WhiteElo "2048"]
[BlackElo "2180"]
[PlyCount "115"]
[EventDate "2006.01.31"]
[EventType "tourn"]
[EventRounds "9"]
[EventCountry "ESP"]
[Source "lmi"]
[SourceDate "2006.02.19"]

1. c3 c5 2. d4 cxd4 3. cxd4 d5 4. Bf4 Nf6 5. e3 Nc6 6. Bd3 Qb6 7. Nc3 Nb4 8.
Bb5+ Bd7 9. Bxd7+ Nxd7 10. a3 Na6 11. Nxd5 Qxb2 12. Ne2 Rc8 13. O-O e6 14. Ndc3
Rxc3 15. Nxc3 Qxc3 16. d5 Bxa3 17. dxe6 fxe6 18. Qa4 Bb2 19. Rad1 Nac5 20. Qxa7
O-O 21. Rd6 Qa3 22. Qxa3 Bxa3 23. Rfd1 Nf6 24. Be5 Nfe4 25. Rb6 Nxf2 26. Ra1
Nfd3 27. Bd4 Ra8 28. Rb5 Ra6 29. Kf1 e5 30. Bxc5 Nxc5 31. Rxa3 Rxa3 32. Rxc5
Rxe3 33. Kf2 Rb3 34. Rxe5 Kf7 35. Rc5 Kf6 36. Rc7 h5 37. h4 g6 38. Rd7 Kf5 39.
Rd5+ Ke4 40. Rd6 Rb2+ 41. Kg3 Kf5 42. Rd5+ Ke6 43. Rg5 Kf6 44. Rd5 b5 45. Rd6+
Kf5 46. Rb6 Rb3+ 47. Kh2 b4 48. g3 Rb2+ 49. Kh3 b3 50. Rb5+ Kf6 51. Rb6+ Kf5
52. Rb5+ Ke4 53. g4 hxg4+ 54. Kxg4 Rb1 55. Kg5 Rg1+ 56. Kh6 Rg3 57. h5 gxh5 58.
Kxh5 1/2-1/2

[Event "8. Torneo IRT Pueblo Nuevo"]
[Site "Madrid ESP"]
[Date "2006.02.02"]
[Round "2.2"]
[White "Moratalla Garcia, Joaquin"]
[Black "Alonso Abad, Enrique"]
[Result "0-1"]
[WhiteElo "1842"]
[BlackElo "2014"]
[PlyCount "74"]
[EventDate "2006.01.31"]
[EventType "tourn"]
[EventRounds "9"]
[EventCountry "ESP"]
[Source "lmi"]
[SourceDate "2006.02.19"]

1. e4 e6 2. d4 d5 3. Nd2 Be7 4. e5 c5 5. c3 Nc6 6. Ngf3 cxd4 7. cxd4 Nh6 8. a3
Nf5 9. Nb3 a5 10. Bb5 a4 11. Bxc6+ bxc6 12. Nc5 Bxc5 13. dxc5 Qa5+ 14. Bd2 Qxc5
15. Bb4 Qc4 16. Rc1 Qe4+ 17. Qe2 Qxe2+ 18. Kxe2 Ba6+ 19. Kd2 Bc4 20. g4 Ne7 21.
Ke3 Rc8 22. Nd2 Bb5 23. f4 h5 24. h3 Kd7 25. Nb1 hxg4 26. hxg4 Rxh1 27. Rxh1 c5
28. Be1 d4+ 29. Kd2 Bc6 30. Rh2 Nd5 31. f5 Ne3 32. Rh7 Nc4+ 33. Kc1 Nxe5 34.
fxe6+ Kxe6 35. g5 Nd3+ 36. Kd2 Nxe1 37. Kxe1 Be4 0-1

[Event "8. Torneo IRT Pueblo Nuevo"]
[Site "Madrid ESP"]
[Date "2006.02.02"]
[Round "2.3"]
[White "Cardeña Contreras, Javier"]
[Black "Prieto Honorato, Juan Maria"]
[Result "0-1"]
[WhiteElo "1806"]
[BlackElo "2116"]
[PlyCount "94"]
[EventDate "2006.01.31"]
[EventType "tourn"]
[EventRounds "9"]
[EventCountry "ESP"]
[Source "lmi"]
[SourceDate "2006.02.19"]

1. e4 g6 2. d4 Bg7 3. Nc3 c6 4. Nf3 Nf6 5. Bd3 O-O 6. Bg5 d6 7. Qd2 b5 8. h4 h5
9. Bh6 b4 10. Ne2 c5 11. Bxg7 Kxg7 12. e5 Nd5 13. Be4 Bb7 14. Nf4 e6 15. Nxh5+
gxh5 16. Rh3 Rh8 17. exd6 Nd7 18. Rg3+ Kf8 19. dxc5 Qf6 20. Nd4 Nxc5 21. Bxd5
Bxd5 22. Qxb4 Qe5+ 23. Kf1 Qxd6 24. c4 Bxg2+ 25. Kxg2 Qxd4 26. Qa3 Rg8 27. Kh3
Rxg3+ 28. fxg3 Kg8 29. Qf3 Qg4+ 30. Qxg4+ hxg4+ 31. Kxg4 f5+ 32. Kg5 Kf7 33.
Rd1 Rg8+ 34. Kf4 Rg4+ 35. Kf3 Rxc4 36. h5 Kf6 37. h6 Kg6 38. Rh1 Ne4 39. Ke3
Ng5 40. b3 Rc2 41. Kf4 Rxa2 42. Ke5 Re2+ 43. Kd6 Nf7+ 44. Kc6 Nxh6 45. Kb7 Rb2
46. Kxa7 Rxb3 47. Re1 Kf6 0-1

[Event "8. Torneo IRT Pueblo Nuevo"]
[Site "Madrid ESP"]
[Date "2006.02.02"]
[Round "2.5"]
[White "Alvarez Abejon, Amilcar"]
[Black "Tejedo Meneses, Alvaro"]
[Result "1-0"]
[WhiteElo "2125"]
[BlackElo "2022"]
[PlyCount "59"]
[EventDate "2006.01.31"]
[EventType "tourn"]
[EventRounds "9"]
[EventCountry "ESP"]
[Source "lmi"]
[SourceDate "2006.02.19"]

1. Nf3 Nf6 2. c4 d5 3. cxd5 Nxd5 4. d4 Bf5 5. Qb3 Nb6 6. Nc3 e6 7. e4 Bg6 8.
Be3 Be7 9. Ne5 O-O 10. Rc1 N8d7 11. Nxg6 hxg6 12. a4 c5 13. a5 cxd4 14. Bxd4
Nc8 15. Qa2 Bb4 16. a6 bxa6 17. Bxa6 Qh4 18. O-O Nc5 19. g3 Qe7 20. Be2 Nb6 21.
e5 Rfd8 22. Rfd1 Rd7 23. Bb5 Rc7 24. Qb1 Nb3 25. Rc2 Nxd4 26. Rxd4 Qc5 27. Rcd2
Bxc3 28. bxc3 Qxe5 29. Qd3 Kh7 30. Rh4+ 1-0

[Event "8. Torneo IRT Pueblo Nuevo"]
[Site "Madrid ESP"]
[Date "2006.02.07"]
[Round "3.1"]
[White "Tejedo Meneses, Alvaro"]
[Black "Martinez Garcia, Felipe"]
[Result "1/2-1/2"]
[WhiteElo "2022"]
[BlackElo "2048"]
[PlyCount "122"]
[EventDate "2006.01.31"]
[EventType "tourn"]
[EventRounds "9"]
[EventCountry "ESP"]
[Source "lmi"]
[SourceDate "2006.02.19"]

1. e4 e5 2. Nf3 Nf6 3. Nxe5 d6 4. Nf3 Nxe4 5. Nc3 d5 6. Qe2 Be7 7. Nxe4 dxe4 8.
Qxe4 Nd7 9. Bc4 Rb8 10. O-O b5 11. Bd5 Nf6 12. Bc6+ Kf8 13. Qe2 Bg4 14. d3 Rb6
15. Be4 Nd7 16. h3 Bh5 17. Be3 c5 18. Qe1 g5 19. Nh2 Bg6 20. b4 f5 21. bxc5 Rf6
22. Bd5 Nxc5 23. Bb3 Rc6 24. Rd1 Nxb3 25. cxb3 Re6 26. Qc3 Rg8 27. Bxa7 h5 28.
Rfe1 Qd7 29. Rxe6 Qxe6 30. Re1 Qd7 31. Bc5 Rg7 32. d4 f4 33. Nf3 g4 34. Bxe7+
Rxe7 35. Ne5 Qd6 36. Qc5 Qxc5 37. dxc5 Kg7 38. Nd3 Rxe1+ 39. Nxe1 Kf6 40. hxg4
hxg4 41. Kf1 b4 42. Ke2 Bb1 43. Nd3 Bxa2 44. Nxb4 Bxb3 45. Nd3 Kf5 46. Kd2 Ke4
47. Kc3 Ba4 48. Nb4 Bd7 49. c6 Bc8 50. Kc4 g3 51. f3+ Ke3 52. Nd5+ Kf2 53. Nxf4
Ke3 54. Nh5 Kf2 55. Kd5 Kxg2 56. f4 Kf3 57. Nxg3 Kxg3 58. Ke5 Kg4 59. c7 Bd7
60. Kd6 Bc8 61. Ke5 Bd7 1/2-1/2

[Event "8. Torneo IRT Pueblo Nuevo"]
[Site "Madrid ESP"]
[Date "2006.02.07"]
[Round "3.2"]
[White "Ruiz Quevedo, Andres"]
[Black "Alvarez Abejon, Amilcar"]
[Result "0-1"]
[WhiteElo "1922"]
[BlackElo "2125"]
[PlyCount "100"]
[EventDate "2006.01.31"]
[EventType "tourn"]
[EventRounds "9"]
[EventCountry "ESP"]
[Source "lmi"]
[SourceDate "2006.02.19"]

1. b3 e5 2. Bb2 Nc6 3. c4 Nf6 4. e3 Bd6 5. d3 O-O 6. Nf3 Re8 7. Be2 Bb4+ 8.
Nbd2 d5 9. cxd5 Nxd5 10. Rc1 Bg4 11. O-O Bxd2 12. Qxd2 Ndb4 13. a3 e4 14. axb4
exf3 15. Bxf3 Bxf3 16. gxf3 Qd5 17. Rc5 Qxf3 18. Rg5 f6 19. Rg3 Qf5 20. e4 Qe6
21. b5 Ne7 22. f4 Rad8 23. f5 Qxe4 24. dxe4 Rxd2 25. Bxf6 g6 26. Bg5 Rd7 27. f6
Nc8 28. Re3 Kf7 29. e5 Re6 30. Rfe1 Nb6 31. Bf4 Rd4 32. Bg3 Nd5 33. R3e2 Rb4
34. Ra2 Rxb5 35. Rxa7 Rxb3 36. Ra8 Nxf6 37. exf6 Rxg3+ 38. hxg3 Rxe1+ 39. Kf2
Re6 40. Rc8 Rxf6+ 41. Ke3 Rc6 42. Rb8 b6 43. Rd8 Rd6 44. Rh8 Kg7 45. Rc8 c5 46.
g4 h5 47. g5 Kf7 48. Rc7+ Ke6 49. Kf4 Kd5 50. Rf7 c4 0-1

[Event "8. Torneo IRT Pueblo Nuevo"]
[Site "Madrid ESP"]
[Date "2006.02.07"]
[Round "3.4"]
[White "Alonso Abad, Enrique"]
[Black "Cardeña Contreras, Javier"]
[Result "1-0"]
[WhiteElo "2014"]
[BlackElo "1806"]
[PlyCount "67"]
[EventDate "2006.01.31"]
[EventType "tourn"]
[EventRounds "9"]
[EventCountry "ESP"]
[Source "lmi"]
[SourceDate "2006.02.19"]

1. d4 d5 2. Nf3 e6 3. e3 Nf6 4. Bd3 Be7 5. O-O O-O 6. b3 Nbd7 7. Nbd2 c6 8. Bb2
b5 9. Ne5 Qc7 10. f4 Rb8 11. Rf3 c5 12. Nxd7 Bxd7 13. dxc5 Ng4 14. Rh3 f5 15.
b4 a5 16. a3 g5 17. Rxh7 Kxh7 18. Qxg4 Kg6 19. Nf3 Bf6 20. Bxf6 Kxf6 21. Qxg5+
Kf7 22. Ne5+ Ke8 23. Be2 Rh8 24. Qg6+ Kd8 25. Qf6+ Kc8 26. Qxh8+ Kb7 27. Qg7
Rd8 28. Nf7 Ra8 29. Nd6+ Kb8 30. Bxb5 Bxb5 31. Qxc7+ Kxc7 32. Nxb5+ Kc6 33.
Nd4+ Kd7 34. b5 1-0

[Event "8. Torneo IRT Pueblo Nuevo"]
[Site "Madrid ESP"]
[Date "2006.02.07"]
[Round "3.5"]
[White "Navarro Nicolas, Victor Manuel"]
[Black "Moratalla Garcia, Joaquin"]
[Result "1-0"]
[WhiteElo "2180"]
[BlackElo "1842"]
[PlyCount "41"]
[EventDate "2006.01.31"]
[EventType "tourn"]
[EventRounds "9"]
[EventCountry "ESP"]
[Source "lmi"]
[SourceDate "2006.02.19"]

1. d4 Nf6 2. c4 e6 3. Nc3 Bb4 4. e3 O-O 5. Bd3 d5 6. cxd5 exd5 7. a3 Bxc3+ 8.
bxc3 Be6 9. Ne2 c6 10. O-O Nbd7 11. Ng3 Re8 12. f3 Qc7 13. e4 dxe4 14. fxe4 Nf8
15. e5 Nd5 16. Ne4 Nb6 17. Rf2 h6 18. Qh5 Nh7 19. Bxh6 Qe7 20. Bxg7 Bg4 21.
Nf6+ 1-0

[Event "8. Torneo IRT Pueblo Nuevo"]
[Site "Madrid ESP"]
[Date "2006.02.11"]
[Round "4.1"]
[White "Martinez Garcia, Felipe"]
[Black "Moratalla Garcia, Joaquin"]
[Result "1-0"]
[WhiteElo "2048"]
[BlackElo "1842"]
[PlyCount "31"]
[EventDate "2006.01.31"]
[EventType "tourn"]
[EventRounds "9"]
[EventCountry "ESP"]
[Source "lmi"]
[SourceDate "2006.02.19"]

1. c3 c5 2. d4 cxd4 3. cxd4 d5 4. Bf4 Bf5 5. e3 e6 6. Nc3 a6 7. Qb3 b5 8. Rc1
Nd7 9. Nf3 Ngf6 10. Bxb5 axb5 11. Nxb5 Qa5+ 12. Kf1 Qa6 13. Kg1 Rc8 14. Nc7+
Kd8 15. e4 Bxe4 16. Nxa6 1-0

[Event "8. Torneo IRT Pueblo Nuevo"]
[Site "Madrid ESP"]
[Date "2006.02.18"]
[Round "4.4"]
[White "Alvarez Abejon, Amilcar"]
[Black "Prieto Honorato, Juan Maria"]
[Result "1/2-1/2"]
[WhiteElo "2125"]
[BlackElo "2116"]
[PlyCount "80"]
[EventDate "2006.01.31"]
[EventType "tourn"]
[EventRounds "9"]
[EventCountry "ESP"]
[Source "lmi"]
[SourceDate "2006.02.19"]

1. d4 g6 2. c4 Bg7 3. e4 d6 4. Nf3 Nc6 5. d5 Nb8 6. Be2 Nf6 7. Nc3 O-O 8. O-O
Nbd7 9. Nd4 Nc5 10. f3 a5 11. Be3 e6 12. dxe6 fxe6 13. Ndb5 Nfd7 14. Qd2 Kh8
15. Rab1 b6 16. b3 Ne5 17. a3 Bb7 18. b4 axb4 19. axb4 Na4 20. Nxa4 Rxa4 21.
Rfd1 Qe7 22. Bd4 Raa8 23. Qb2 c6 24. Nc3 Qg5 25. Qd2 Qxd2 26. Rxd2 c5 27. bxc5
dxc5 28. Bxc5 bxc5 29. Rxb7 Bh6 30. Rd1 Be3+ 31. Kf1 Rfd8 32. Rxd8+ Rxd8 33. g3
Rd2 34. Re7 Bd4 35. Nb5 Nxf3 36. Bxf3 Rf2+ 37. Ke1 Rxf3 38. Nxd4 cxd4 39. Rxe6
Rc3 40. Kd2 Rxc4 1/2-1/2

[Event "8. Torneo IRT Pueblo Nuevo"]
[Site "Madrid ESP"]
[Date "2006.02.09"]
[Round "4.5"]
[White "Tejedo Meneses, Alvaro"]
[Black "Ruiz Quevedo, Andres"]
[Result "1-0"]
[WhiteElo "2022"]
[BlackElo "1922"]
[PlyCount "99"]
[EventDate "2006.01.31"]
[EventType "tourn"]
[EventRounds "9"]
[EventCountry "ESP"]
[Source "lmi"]
[SourceDate "2006.02.19"]

1. e4 c5 2. Nf3 d6 3. d4 cxd4 4. Nxd4 Nf6 5. Nc3 a6 6. Bg5 e6 7. f4 Bd7 8. Qd2
Be7 9. O-O-O b5 10. Bxf6 Bxf6 11. g4 b4 12. Nce2 Qb6 13. g5 Be7 14. Bg2 Nc6 15.
h4 b3 16. Nxb3 Rb8 17. Nc3 O-O 18. Rhf1 Rfc8 19. f5 Ne5 20. f6 Nc4 21. Qf4 Qe3+
22. Kb1 Na3+ 23. bxa3 Qxc3 24. Rd2 Bf8 25. Rf3 e5 26. Rxc3 exf4 27. Rxc8 Bxc8
28. fxg7 Bxg7 29. Rxd6 a5 30. Rd8+ Bf8 31. Bh3 a4 32. Rxc8 Rxc8 33. Bxc8 axb3
34. cxb3 Bxa3 35. Kc2 Bb4 36. Kd1 f3 37. Bg4 f2 38. Ke2 Bc5 39. Bh3 Kg7 40. Kf3
f6 41. Kf4 fxg5+ 42. hxg5 h6 43. gxh6+ Kxh6 44. Kf5 Kg7 45. Ke6 Kf8 46. Kd7 Kf7
47. e5 Ba3 48. Bf1 Bb4 49. a4 Be7 50. a5 1-0

[Event "8. Torneo IRT Pueblo Nuevo"]
[Site "Madrid ESP"]
[Date "2006.02.14"]
[Round "5.1"]
[White "Ruiz Quevedo, Andres"]
[Black "Martinez Garcia, Felipe"]
[Result "0-1"]
[WhiteElo "1922"]
[BlackElo "2048"]
[PlyCount "132"]
[EventDate "2006.01.31"]
[EventType "tourn"]
[EventRounds "9"]
[EventCountry "ESP"]
[Source "lmi"]
[SourceDate "2006.02.19"]

1. b3 Nf6 2. Bb2 d5 3. e3 g6 4. Bxf6 exf6 5. d4 c6 6. g3 Bf5 7. Bg2 Qa5+ 8. Qd2
Qxd2+ 9. Kxd2 Na6 10. Ne2 h5 11. h4 Bd6 12. a3 Nc7 13. c4 Be6 14. c5 Be7 15.
Nbc3 O-O 16. Nf4 Rab8 17. b4 Rfd8 18. a4 b6 19. Rhb1 Bf5 20. Nd3 a5 21. cxb6
Rxb6 22. bxa5 Ra6 23. Rb7 Bd6 24. Rab1 Rxa5 25. R7b6 Na6 26. Bf1 Nb8 27. Nc1
Ra8 28. R1b2 Bc8 29. R6b3 Be6 30. Ra2 c5 31. Nb5 Nc6 32. Nxd6 c4 33. Nxc4 dxc4
34. Rc3 Na5 35. Rb2 Rab8 36. Rb5 Rxb5 37. axb5 Rb8 38. e4 Rxb5 39. d5 Bg4 40.
Bxc4 Nxc4+ 41. Rxc4 f5 42. d6 fxe4 43. Rd4 Bd7 44. Ke3 f5 45. Kf4 Kf7 46. Kg5
Rb2 47. Rc4 Rxf2 48. Rc7 Ke6 49. Kxg6 Be8+ 50. Kg5 Kxd6 51. Rc8 Kd7 52. Rc5 Ke6
53. Rc8 Bd7 54. Rc5 Rf3 55. Kxh5 Rxg3 56. Ne2 Rg8 57. Nf4+ Kd6 58. Rd5+ Kc6 59.
Rd2 Rg4 60. Kh6 Rxf4 61. h5 Be8 62. Rd8 Bxh5 63. Kxh5 Rg4 64. Rf8 Rf4 65. Kg5
Rf3 66. Rd8 Kc5 0-1

[Event "8. Torneo IRT Pueblo Nuevo"]
[Site "Madrid ESP"]
[Date "2006.02.14"]
[Round "5.2"]
[White "Prieto Honorato, Juan Maria"]
[Black "Tejedo Meneses, Alvaro"]
[Result "1-0"]
[WhiteElo "2116"]
[BlackElo "2022"]
[PlyCount "111"]
[EventDate "2006.01.31"]
[EventType "tourn"]
[EventRounds "9"]
[EventCountry "ESP"]
[Source "lmi"]
[SourceDate "2006.02.19"]

1. d4 Nf6 2. c4 g6 3. Nc3 d5 4. cxd5 Nxd5 5. Bg5 Bg7 6. Nf3 Bg4 7. e3 O-O 8.
Be2 c6 9. O-O Nd7 10. Qb3 h6 11. Bh4 Nxc3 12. bxc3 b6 13. Rad1 Nf6 14. c4 Qc7
15. h3 Bf5 16. Bg3 Qb7 17. Ne5 Rad8 18. f3 Bc8 19. e4 Nd7 20. f4 Nxe5 21. fxe5
b5 22. Kh2 e6 23. cxb5 cxb5 24. d5 a6 25. Rf3 Bd7 26. Rfd3 Rc8 27. Bg4 Rfe8 28.
dxe6 Bxe6 29. Bxe6 Rxe6 30. Rd7 Qc6 31. R1d6 Qc4 32. Rxe6 Qxe6 33. Qxe6 fxe6
34. Rd6 a5 35. Ra6 a4 36. Rxe6 Kf7 37. Rb6 Rc5 38. e6+ Ke8 39. Rb8+ Ke7 40.
Rb7+ Kxe6 41. Rxg7 Kf6 42. Rb7 Rc2 43. a3 Re2 44. e5+ Kf5 45. Rxb5 Ra2 46. Rb6
g5 47. Rxh6 Rxa3 48. Rf6+ Ke4 49. e6 Kd5 50. e7 Re3 51. Bd6 a3 52. Bxa3 g4 53.
hxg4 Re4 54. Rf8 Rxe7 55. Bxe7 Ke6 56. Ba3 1-0

[Event "8. Torneo IRT Pueblo Nuevo"]
[Site "Madrid ESP"]
[Date "2006.02.14"]
[Round "5.3"]
[White "Alonso Abad, Enrique"]
[Black "Alvarez Abejon, Amilcar"]
[Result "1/2-1/2"]
[WhiteElo "2014"]
[BlackElo "2125"]
[PlyCount "24"]
[EventDate "2006.01.31"]
[EventType "tourn"]
[EventRounds "9"]
[EventCountry "ESP"]
[Source "lmi"]
[SourceDate "2006.02.19"]

1. Nf3 d5 2. d4 e6 3. Bf4 Bd6 4. Bxd6 Qxd6 5. c3 Nf6 6. e3 O-O 7. Bd3 b6 8. O-O
Ba6 9. Bxa6 Nxa6 10. Qe2 Nb8 11. Nbd2 c5 12. Ne5 Nc6 1/2-1/2

[Event "8. Torneo IRT Pueblo Nuevo"]
[Site "Madrid ESP"]
[Date "2006.02.14"]
[Round "5.5"]
[White "Moratalla Garcia, Joaquin"]
[Black "Cardeña Contreras, Javier"]
[Result "0-1"]
[WhiteElo "1842"]
[BlackElo "1806"]
[PlyCount "60"]
[EventDate "2006.01.31"]
[EventType "tourn"]
[EventRounds "9"]
[EventCountry "ESP"]
[Source "lmi"]
[SourceDate "2006.02.19"]

1. e4 c5 2. Nf3 Nc6 3. d4 cxd4 4. Nxd4 Nf6 5. Nc3 e5 6. Ndb5 d6 7. Be2 a6 8.
Na3 b5 9. Nd5 Nd4 10. Nxf6+ gxf6 11. Bd3 Bb7 12. c3 Ne6 13. f3 d5 14. exd5 Bxd5
15. Qe2 Nc5 16. Bf5 Qc7 17. Be3 Rd8 18. Bf2 Na4 19. Nxb5 axb5 20. Qxb5+ Bc6 21.
Qc4 Nxb2 22. Qa6 Ra8 23. Qe2 Na4 24. Qc4 Nb6 25. Qe2 Nd5 26. c4 Nf4 27. Qf1
Bb4+ 28. Kd1 Qd6+ 29. Kc1 Qd2+ 30. Kb1 Ba3 0-1

[Event "8. Torneo IRT Pueblo Nuevo"]
[Site "Madrid ESP"]
[Date "2006.02.18"]
[Round "6.1"]
[White "Martinez Garcia, Felipe"]
[Black "Cardeña Contreras, Javier"]
[Result "0-1"]
[WhiteElo "2048"]
[BlackElo "1806"]
[PlyCount "104"]
[EventDate "2006.01.31"]
[EventType "tourn"]
[EventRounds "9"]
[EventCountry "ESP"]
[Source "lmi"]
[SourceDate "2006.02.19"]

1. e4 c5 2. f4 g6 3. Nf3 Bg7 4. Bc4 e6 5. O-O Ne7 6. c3 O-O 7. d4 d5 8. exd5
exd5 9. Bb3 c4 10. Bc2 Bg4 11. h3 Bf5 12. Na3 a6 13. Ne5 f6 14. Ng4 Bxc2 15.
Nxc2 Nf5 16. Qf3 Nh4 17. Qf2 Nf5 18. Nge3 Nd6 19. Qf3 Ne4 20. Nxc4 f5 21. Ne5
Nd7 22. Ne3 Nb6 23. Kh2 Rc8 24. a4 Nd7 25. Qd1 Ndf6 26. Qb3 b6 27. Nc2 a5 28.
c4 Kh8 29. Be3 dxc4 30. Nxc4 Qd5 31. N2a3 Nh5 32. Nd2 Qd6 33. Nac4 Nxd2 34.
Nxd2 g5 35. g3 gxf4 36. gxf4 Bh6 37. Nc4 Qd5 38. Nxa5 Qxa5 39. Qd1 Nf6 40. Bd2
Qd5 41. Bc3 Rg8 42. Qf3 Bxf4+ 43. Kh1 Qxf3+ 44. Rxf3 Nd5 45. Raf1 Nxc3 46. bxc3
Bd2 47. Kh2 f4 48. Rd1 Be3 49. Rd3 Rg7 50. h4 Rcg8 51. Kh3 Rg3+ 52. Rxg3 Rxg3+
0-1

[Event "8. Torneo IRT Pueblo Nuevo"]
[Site "Madrid ESP"]
[Date "2006.02.16"]
[Round "6.3"]
[White "Alvarez Abejon, Amilcar"]
[Black "Navarro Nicolas, Victor Manuel"]
[Result "1/2-1/2"]
[WhiteElo "2125"]
[BlackElo "2180"]
[PlyCount "96"]
[EventDate "2006.01.31"]
[EventType "tourn"]
[EventRounds "9"]
[EventCountry "ESP"]
[Source "lmi"]
[SourceDate "2006.02.19"]

1. d4 d5 2. c4 Nc6 3. cxd5 Qxd5 4. e3 e5 5. Nc3 Bb4 6. Bd2 Bxc3 7. Bxc3 exd4 8.
Ne2 Nf6 9. Nxd4 O-O 10. Nb5 Qg5 11. Nxc7 Bg4 12. Qb3 Rad8 13. Qxb7 Rd6 14. Qb5
Qg6 15. f3 Bc8 16. Kf2 Rd7 17. Bxf6 Qxf6 18. Nd5 Qe5 19. Qxc6 Rxd5 20. Qc3 Qd6
21. Be2 h5 22. f4 Rd2 23. Rhd1 Rxe2+ 24. Kxe2 Bg4+ 25. Ke1 Bxd1 26. Rxd1 Qe6
27. a3 Qg4 28. Qd2 Rc8 29. Qd7 Rc2 30. Qd8+ Kh7 31. Qd3+ Qg6 32. Qxg6+ Kxg6 33.
Rd2 Rc1+ 34. Ke2 a5 35. b4 axb4 36. axb4 Rb1 37. Rd4 Rb2+ 38. Kf3 f6 39. h3 h4
40. g3 hxg3 41. Kxg3 Rb3 42. Kf3 Kh5 43. Ke2 Kg6 44. Kd2 Kf5 45. Kc2 Rxe3 46.
b5 Rxh3 47. b6 Rh8 48. b7 Rb8 1/2-1/2

[Event "8. Torneo IRT Pueblo Nuevo"]
[Site "Madrid ESP"]
[Date "2006.02.16"]
[Round "6.5"]
[White "Ruiz Quevedo, Andres"]
[Black "Prieto Honorato, Juan Maria"]
[Result "0-1"]
[WhiteElo "1922"]
[BlackElo "2116"]
[PlyCount "54"]
[EventDate "2006.01.31"]
[EventType "tourn"]
[EventRounds "9"]
[EventCountry "ESP"]
[Source "lmi"]
[SourceDate "2006.02.19"]

1. b3 Nf6 2. Bb2 e6 3. e3 c5 4. f4 Be7 5. Nf3 O-O 6. c4 Nc6 7. Nc3 d5 8. cxd5
exd5 9. Bb5 d4 10. Na4 dxe3 11. dxe3 Qa5+ 12. Nc3 Rd8 13. Qc1 Nb4 14. O-O Bf5
15. Ne5 Ng4 16. a3 Nc2 17. e4 Nxa1 18. exf5 Nxb3 19. Qc2 Nd4 20. Qc1 Nxe5 21.
fxe5 Nxb5 22. f6 Bf8 23. Ne4 Nd4 24. Qg5 Ne6 25. Qh5 g6 26. Qh4 Qa4 27. Qg4 Rd4
0-1

[Event "8. Torneo IRT Pueblo Nuevo"]
[Site "Madrid ESP"]
[Date "2006.02.21"]
[Round "7.2"]
[White "Alonso Abad, Enrique"]
[Black "Ruiz Quevedo, Andres"]
[Result "1-0"]
[WhiteElo "2014"]
[BlackElo "1922"]
[PlyCount "37"]
[EventDate "2006.01.31"]
[EventType "tourn"]
[EventRounds "9"]
[EventCountry "ESP"]
[Source "lmi"]
[SourceDate "2006.02.21"]

1. Nf3 c5 2. g3 Nf6 3. Bg2 e6 4. c4 Be7 5. O-O Qc7 6. Nc3 a6 7. d3 O-O 8. Bf4
d6 9. a3 Nbd7 10. b4 cxb4 11. axb4 b5 12. Nxb5 Qb8 13. Nfd4 Bb7 14. Nc6 Bxc6
15. Bxc6 Qb6 16. Bxa8 Rxa8 17. Qa4 d5 18. c5 Qd8 19. Nd4 1-0